000 00324nam a22001457a 4500
008 230616b ||||| |||| 00| 0 eng d
020 _a9781259969690
041 _aeng
080 _2FOURTH EDITION
_a51
082 _a51SOB
100 _a23
101 _aMATE
245 _aMATH IN OUR WORLD
_cSOBECKI.D
942 _2udc
_cBK
999 _c60009
_d60009